000 00774nam a2200229Ii 4500
003 JO-AjNU
008 230605s9999||||xx |||||||||||||| ||und||
017 _a2003/16909
020 _a977-5022-46-0
040 _aJO-AjNU
_bara
_erda
_cJO-AjNU
041 _aara
050 1 4 _aBP183 2003
100 3 _aسالم، عبد المقصود محمد ,
_eauthor
_99992
245 0 0 _aراحة الأرواح : نفثات وخواطر ونفحات ومشاعر
250 _aط8
264 3 1 _aالقاهرة: شركة الشمرلي للطبع والنشر والادوات الكتابية، 2003
300 _a157ص
336 _atext
_btxt
_2rdacontent
337 _aunmediated
_bn
_2rdamedia
338 _avolume
_bnc
_2rdacarrier
650 4 _aخواطر- مناجاة
_99993
999 _aA1582
_c5150
_d5150